000 00763cam a22002653a 4500
001 2236
003 PGUSA
005 20140828083012.0
008 000701s2000||||xxu|||||s|||||000 | eng d
040 _aPGUSA
_beng
042 _adc
050 4 _aPR
100 1 _aShakespeare, William,
_d1564-1616
245 1 4 _aThe Two Gentlemen of Verona
_h[electronic resource] /
_cWilliam Shakespeare
260 _bProject Gutenberg,
_c2000
506 _aPublic domain in the USA.
516 _aElectronic text
653 _aExiles -- Drama
653 _aVerona (Italy) -- Drama
653 _aTriangles (Interpersonal relations) -- Drama
653 _aComedies
830 0 _aProject Gutenberg
_v2236
856 4 0 _uhttp://www.gutenberg.org/ebooks/2236
942 _cEB
999 _c231573
_d231573